[Event "Banja Luka op-A"]
[Site "Banja Luka"]
[Date "2024.04.26"]
[Round "1"]
[White "Zagorac, Lara"]
[Black "Popovic, Zoran"]
[Result "1-0"]
[WhiteElo "1994"]
[BlackElo "2224"]
[PlyCount "111"]
[EventDate "2024.04.26"]
[EventType "swiss"]
[EventRounds "5"]
[EventCountry "BIH"]
[SourceTitle "CB19_2024"]
[SourceDate "2024.05.08"]
[SourceVersion "1"]
[SourceVersionDate "2024.05.08"]
[SourceQuality "1"]

1. d4 Nf6 2. Nf3 g6 3. c4 Bg7 4. g3 0-0 5. Bg2 d6 6. 0-0 Nc6 7. d5 Na5 8. Qa4 c5 9. Bd2 b6 10. Bc3 Bd7 11. Qc2 b5 12. cxb5 Bxb5 13. Rd1 Bd7 14. e4 Rb8 15. Na3 Qb6 16. e5 Ng4 17. exd6 exd6 18. Bxg7 Kxg7 19. Qc3+ Nf6 20. b3 Qb4 21. Qxb4 cxb4 22. Nc2 Rfc8 23. Ne3 Rc5 24. Rd4 Bc8 25. Nd2 Rc3 26. Bf1 Bd7 27. Be2 h5 28. Bd1 Bg4 29. Bxg4 hxg4 30. Ne4 Nxe4 31. Rxe4 Rb5 32. Rxg4 Nb7 33. Rd1 a5 34. Rd2 Rc1+ 35. Kg2 Rbc5 36. h4 Kf8 37. Rf4 R5c3 38. g4 Nc5 39. Rfd4 Re1 40. h5 gxh5 41. gxh5 Rcc1 42. Rh4 Rg1+ 43. Kf3 Rh1 44. Rdd4 Nd7 45. Nc4 Ne5+ 46. Nxe5 dxe5 47. Rdg4 f5 48. Rxh1 fxg4+ 49. Kg2 Rc3 50. Re1 Ke7 51. Rxe5+ Kd6 52. Rg5 Rh3 53. Rg6+ Kxd5 54. Rg5+ Kc6 55. Rxa5 Kb6 56. Rg5 1-0

[Event "Wch U14 Girls"]
[Site "Montesilvano"]
[Date "2023.11.14"]
[Round "2"]
[White "Zagorac, Lara"]
[Black "Haapsal, Maria Ioanna"]
[Result "1-0"]
[WhiteElo "1866"]
[BlackElo "1597"]
[PlyCount "103"]
[EventDate "2023.11.13"]
[EventType "swiss"]
[EventRounds "11"]
[EventCountry "ITA"]
[SourceTitle "CB48_2023"]
[SourceDate "2023.11.29"]
[SourceVersion "1"]
[SourceVersionDate "2023.11.29"]
[SourceQuality "1"]

1. d4 Nf6 2. Nf3 g6 3. c4 Bg7 4. g3 d6 5. Bg2 0-0 6. 0-0 c5 7. dxc5 dxc5 8. Ne5 Qb6 9. Nc3 Nbd7 10. Nd3 Ng4 11. Qc2 Rb8 12. Rd1 e6 13. Bf4 e5 14. Bg5 f6 15. Bc1 Kh8 16. h3 Nh6 17. Be3 Nf5 18. Nd5 Nxe3 19. Nxe3 f5 20. Nd5 Qe6 21. e3 b6 22. a3 Bb7 23. b4 cxb4 24. axb4 a6 25. Nc7 Qf7 26. Nxa6 Bxa6 27. Rxa6 Rfc8 28. Nb2 Nf6 29. Qe2 Bf8 30. b5 e4 31. Bf1 Rc7 32. Na4 Nd7 33. Qd2 Qg7 34. Qd4 Ne5 35. Kg2 Rd7 36. Qa1 Rxd1 37. Qxd1 Qc7 38. Qd4 Bg7 39. Rxb6 Ra8 40. Qc5 Qf7 41. Ra6 Rd8 42. b6 Nd7 43. Qc7 Qe8 44. Ra7 Be5 45. Qc6 f4 46. exf4 Bb8 47. Ra5 e3 48. Qf3 exf2 49. c5 Nf6 50. c6 Rd6 51. c7 Bxc7 52. bxc7 1-0

[Event "CRO-chT (Women) 31st"]
[Site "Veli Losinj"]
[Date "2023.10.11"]
[Round "1.4"]
[White "Zagorac, Lara"]
[Black "Blazeka, Mihaela"]
[Result "0-1"]
[WhiteElo "1865"]
[BlackElo "1968"]
[PlyCount "120"]
[EventDate "2023.10.11"]
[EventType "team-tourn"]
[EventRounds "9"]
[EventCountry "CRO"]
[SourceTitle "Mega2024 Update 01"]
[Source "Chessbase"]
[SourceDate "2023.11.12"]
[SourceVersion "1"]
[SourceVersionDate "2023.11.12"]
[SourceQuality "1"]
[WhiteTeam "Rijeka Draga (W)"]
[BlackTeam "Zagreb Mladost (W)"]
[WhiteTeamCountry "CRO"]
[BlackTeamCountry "CRO"]

1. d4 Nf6 2. Nf3 e6 3. c4 b6 4. g3 Bb7 5. Bg2 d5 6. 0-0 Nbd7 7. Nc3 Be7 8. Qc2 0-0 9. b3 Ne4 10. Nxe4 dxe4 11. Nd2 f5 12. Bb2 Bf6 13. Rad1 Qe7 14. Rfe1 c5 15. e3 Nb8 16. f3 Nc6 17. fxe4 cxd4 18. exd4 Bxd4+ 19. Bxd4 Nxd4 20. Qb2 Rad8 21. Nf1 Qc5 22. Kh1 Bxe4 23. Bxe4 fxe4 24. Qg2 Nf3 25. Rxd8 Nxe1 26. Rxf8+ Qxf8 27. Qe2 Qf3+ 28. Qxf3 Nxf3 29. Kg2 Kf7 30. Kf2 Kf6 31. Ke3 Ke5 32. h3 Nd4 33. g4 Nc2+ 34. Kd2 Nb4 35. a3 Nc6 36. Ng3 Nd4 37. b4 g6 38. h4 Kf4 39. Ne2+ Ke5 40. Ng3 Nf3+ 41. Ke3 Nxh4 42. Nxe4 Ng2+ 43. Kf3 Ne1+ 44. Ke3 Nc2+ 45. Kd3 Nxa3 46. Ng5 h5 47. gxh5 gxh5 48. Kc3 b5 49. c5 Nc4 50. Kd3 Kd5 51. Nh3 e5 52. Ng5 h4 53. Ne4 h3 54. Nf6+ Kc6 55. Ng4 a5 56. bxa5 Kxc5 57. Ke4 b4 58. a6 Kb6 59. Kd5 Ne3+ 60. Nxe3 h2 0-1

[Event "EU-ch U14 Girls rapid"]
[Site "Terme Catez"]
[Date "2023.09.28"]
[Round "5"]
[White "Derlich, Sarah Sima"]
[Black "Zagorac, Lara"]
[Result "1/2-1/2"]
[WhiteElo "1389"]
[BlackElo "1656"]
[PlyCount "91"]
[EventDate "2023.09.28"]
[EventType "swiss (rapid)"]
[EventRounds "9"]
[EventCountry "SLO"]
[SourceTitle "EXT 2024"]
[Source "ChessBase"]
[SourceDate "2023.10.10"]
[SourceVersion "1"]
[SourceVersionDate "2023.10.10"]
[SourceQuality "1"]

1. e4 c5 2. Nf3 g6 3. c3 Bg7 4. d4 cxd4 5. cxd4 d5 6. e5 Bg4 7. Nc3 Nc6 8. Be3 a6 9. h3 Bxf3 10. Qxf3 e6 11. Qd1 Nge7 12. Bd3 Rc8 13. 0-0 0-0 14. Rc1 Na5 15. Na4 Nc4 16. b3 Nxe3 17. fxe3 Bh6 18. Qe2 Nf5 19. Bxf5 gxf5 20. Nc5 Qg5 21. Rce1 b6 22. Nd7 Rfd8 23. Nxb6 Rc3 24. Rf3 Kh8 25. Na4 Rc6 26. Nc5 a5 27. Qf2 Rg8 28. Nb7 a4 29. Nd6 Rc7 30. b4 Bf8 31. Ne8 Rc4 32. a3 Be7 33. Nd6 Bxd6 34. exd6 Qd8 35. Qd2 Qxd6 36. Rc1 Qc6 37. Rff1 Rc8 38. Ra1 Rc2 39. Qd1 Qc3 40. Qf3 Rg8 41. g4 Qd2 42. Qg3 fxg4 43. Qe5+ Rg7 44. Qb8+ Rg8 45. Qe5+ Rg7 46. Qb8+ 1/2-1/2

[Event "Portoroz op 14th"]
[Site "Portoroz"]
[Date "2023.07.22"]
[Round "9"]
[White "Zagorac, Lara"]
[Black "Pozzi, Paolo"]
[Result "1-0"]
[WhiteElo "1854"]
[BlackElo "1741"]
[PlyCount "147"]
[EventDate "2023.07.15"]
[EventType "swiss"]
[EventRounds "9"]
[EventCountry "SLO"]
[SourceTitle "CBM 215 Extra"]
[Source "ChessBase"]
[SourceDate "2023.09.30"]
[SourceVersion "1"]
[SourceVersionDate "2023.09.30"]
[SourceQuality "1"]

1. Nf3 Nf6 2. d4 e6 3. c4 b6 4. g3 Ba6 5. Qc2 c5 6. Bg2 Bb7 7. 0-0 Be7 8. Nbd2 0-0 9. b3 cxd4 10. Bb2 Qc7 11. Bxd4 Nc6 12. Bc3 Rac8 13. Qb2 Rfd8 14. Rac1 Qb8 15. e4 Ne8 16. Rfd1 d6 17. Nf1 Bf6 18. Nd4 Nxd4 19. Bxd4 Bxd4 20. Rxd4 Rc7 21. Rcd1 Rcd7 22. Ne3 Qc7 23. Qd2 Nf6 24. f3 h6 25. Bh3 a6 26. Ng4 Nxg4 27. Bxg4 a5 28. Bh3 Qc5 29. Kh1 f5 30. Bg2 fxe4 31. fxe4 Qe5 32. b4 axb4 33. Qxb4 Qc5 34. Qxc5 bxc5 35. R4d2 Kf8 36. Rf1+ Rf7 37. Rfd1 Ke7 38. e5 Ba6 39. exd6+ Kd7 40. Rb1 Bxc4 41. Rb7+ Ke8 42. Bc6+ Kf8 43. Rxf7+ Kxf7 44. Rf2+ Kg8 45. Rd2 Kf7 46. Kg2 e5 47. d7 Ke7 48. Kf3 Be6 49. Ke4 c4 50. Kxe5 c3 51. Rc2 Bxd7 52. Bxd7 Rxd7 53. Rxc3 Ra7 54. a3 Ra5+ 55. Kd4 Kd6 56. Kc4 Rh5 57. Rc2 Kc6 58. Kb4+ Kb6 59. a4 Re5 60. Rc4 g5 61. Rd4 Re6 62. Kc4 Ka5 63. Kd3 Rf6 64. Ke3 Rb6 65. Kf3 Rb2 66. h3 Rh2 67. Kg4 Rh1 68. Rd6 h5+ 69. Kxh5 Rxh3+ 70. Kg4 Rh8 71. Kxg5 Kxa4 72. g4 Kb5 73. Kf6 Kc5 74. Rd1 1-0

[Event "Portoroz op 14th"]
[Site "Portoroz"]
[Date "2023.07.16"]
[Round "3"]
[White "Zagorac, Lara"]
[Black "Olenik Campa, Rudi"]
[Result "0-1"]
[WhiteElo "1854"]
[BlackElo "2327"]
[PlyCount "104"]
[EventDate "2023.07.15"]
[EventType "swiss"]
[EventRounds "9"]
[EventCountry "SLO"]
[SourceTitle "CBM 215 Extra"]
[Source "ChessBase"]
[SourceDate "2023.09.30"]
[SourceVersion "1"]
[SourceVersionDate "2023.09.30"]
[SourceQuality "1"]

1. d4 Nf6 2. Nf3 g6 3. c4 Bg7 4. g3 0-0 5. Bg2 d6 6. 0-0 Nc6 7. d5 Na5 8. Qa4 c5 9. Bd2 b6 10. Bc3 Bd7 11. Qc2 Rb8 12. Nbd2 b5 13. b3 e6 14. dxe6 Bxe6 15. cxb5 d5 16. Rac1 Rxb5 17. Nb1 Bf5 18. Qd1 Nb7 19. e3 Rb6 20. Nh4 Be6 21. Qc2 Qe7 22. Rfd1 Rc8 23. Qe2 g5 24. Nf3 h6 25. Ne5 Nd6 26. Nd2 Bf5 27. Nd3 d4 28. Ba1 dxe3 29. fxe3 Nde4 30. Nxe4 Nxe4 31. Bxg7 Kxg7 32. Nf2 Nf6 33. e4 Be6 34. Rd2 Nd7 35. Ng4 Bxg4 36. Qxg4 Rd8 37. Rcd1 Ne5 38. Qe2 Rd4 39. h3 Rbd6 40. Rxd4 cxd4 41. Qf2 Qd8 42. Bf1 Rf6 43. Qe2 Qd6 44. Bg2 Qc5 45. Kh1 Kg6 46. Qd2 d3 47. Rf1 Rxf1+ 48. Bxf1 Nf3 49. Qg2 Qe3 50. e5 d2 51. Be2 d1Q+ 52. Bxd1 Qe1+ 0-1

[Event "Vrsar op"]
[Site "Vrsar"]
[Date "2023.04.25"]
[Round "1"]
[White "Zagorac, Lara"]
[Black "Poecksteiner, Johann"]
[Result "1-0"]
[WhiteElo "1768"]
[BlackElo "2110"]
[PlyCount "117"]
[EventDate "2023.04.25"]
[EventType "swiss"]
[EventRounds "9"]
[EventCountry "CRO"]
[SourceTitle "CBM 214 Extra"]
[Source "ChessBase"]
[SourceDate "2023.07.31"]
[SourceVersion "1"]
[SourceVersionDate "2023.07.31"]
[SourceQuality "1"]

1. d4 g6 2. c4 Bg7 3. Nf3 d6 4. Nc3 f5 5. g3 Nf6 6. Bg2 0-0 7. 0-0 Nc6 8. e3 e5 9. a3 a5 10. Rb1 Kh8 11. b4 axb4 12. axb4 e4 13. Ne1 d5 14. c5 Be6 15. Qb3 g5 16. Ne2 Qe8 17. Qd1 Ne7 18. Bd2 Bd7 19. Nc3 g4 20. h3 h5 21. h4 Bb5 22. Nxb5 Qxb5 23. Qb3 Ra4 24. Nc2 Rfa8 25. Ra1 Qd3 26. Qxd3 exd3 27. Rxa4 Rxa4 28. Ra1 Rxa1+ 29. Nxa1 Ne4 30. Nb3 Nc6 31. b5 Na7 32. Bf1 Nxb5 33. Bxd3 Na3 34. Ba5 c6 35. Bb4 Nc4 36. Bxc4 dxc4 37. Na5 c3 38. Nxb7 c2 39. Ba3 f4 40. gxf4 Bf6 41. d5 Nxc5 42. Nxc5 cxd5 43. Bc1 Kh7 44. Nd3 Bc3 45. Kf1 Kg6 46. Ne1 Kf5 47. Nxc2 Bf6 48. Ke2 Bxh4 49. Bb2 Ke4 50. Ne1 Be7 51. Bd4 h4 52. f3+ Kf5 53. fxg4+ Kxg4 54. Kf2 h3 55. Nf3 Bd8 56. Ne5+ Kh4 57. Kf3 Ba5 58. Ng6+ Kh5 59. Ne7 1-0

[Event "EU-chT U12"]
[Site "Thessaloniki"]
[Date "2022.07.15"]
[Round "4.2"]
[White "Sardis, Ioannis"]
[Black "Zagorac, Lara"]
[Result "1/2-1/2"]
[WhiteElo "1106"]
[BlackElo "1499"]
[PlyCount "87"]
[EventDate "2022.07.12"]
[EventType "team-swiss"]
[EventRounds "7"]
[EventCountry "GRE"]
[SourceTitle "EXT 2023"]
[Source "ChessBase"]
[SourceDate "2022.10.05"]
[SourceVersion "1"]
[SourceVersionDate "2022.10.05"]
[SourceQuality "1"]
[WhiteTeam "Greece Triandria U12"]
[BlackTeam "Croatia U12"]
[WhiteTeamCountry "GRE"]
[BlackTeamCountry "CRO"]

1. e4 c5 2. Nf3 g6 3. c4 Bg7 4. Be2 Nc6 5. Nc3 Nf6 6. Rb1 d6 7. 0-0 0-0 8. b3 Bg4 9. Re1 Bxf3 10. Bxf3 Nd4 11. Bb2 Nd7 12. Nb5 Nxb5 13. Bxg7 Kxg7 14. cxb5 Ne5 15. Be2 Kg8 16. f4 Nd7 17. f5 Nf6 18. fxg6 hxg6 19. Bd3 Qb6 20. Kh1 Rad8 21. Re3 Kg7 22. Qe2 Qc7 23. Rf1 Rh8 24. Qf3 Rdf8 25. h3 Qd7 26. Bc4 Ng4 27. Re2 Ne5 28. Qc3 Kg8 29. Ref2 Nxc4 30. bxc4 Qe6 31. d3 b6 32. Qd2 Qe5 33. a4 Kg7 34. Rf3 f6 35. Qf2 Rh7 36. Qg3 Rhh8 37. Qg4 Rd8 38. Rg3 Rh6 39. Rgf3 Rh5 40. Rf5 Rxf5 41. Rxf5 Qe6 42. Rf4 Qxg4 43. Rxg4 e6 44. Rf4 1/2-1/2

[Event "CRO-ch U13 Girls"]
[Site "Trogir"]
[Date "2022.06.27"]
[Round "9"]
[White "Vinkovic, Hana"]
[Black "Zagorac, Lara"]
[Result "1/2-1/2"]
[WhiteElo "1155"]
[BlackElo "1482"]
[PlyCount "25"]
[EventDate "2022.06.22"]
[EventType "swiss"]
[EventRounds "9"]
[EventCountry "CRO"]
[SourceTitle "CBM 209 Extra"]
[Source "ChessBase"]
[SourceDate "2022.09.30"]
[SourceVersion "1"]
[SourceVersionDate "2022.09.30"]
[SourceQuality "1"]

1. e4 c5 2. c3 d6 3. d4 Nf6 4. Nd2 Nc6 5. Ngf3 g6 6. Bc4 Bg7 7. 0-0 0-0 8. Re1 Bg4 9. h3 Bxf3 10. Nxf3 cxd4 11. cxd4 d5 12. exd5 Nxd5 13. Be3 1/2-1/2

[Event "Wch U12 Girls blitz"]
[Site "Rhodes"]
[Date "2022.05.03"]
[Round "2"]
[White "Hnatyshyn, Anastasiya"]
[Black "Zagorac, Lara"]
[Result "1-0"]
[WhiteElo "1784"]
[BlackElo "1358"]
[PlyCount "61"]
[EventDate "2022.05.03"]
[EventType "swiss (blitz)"]
[EventRounds "9"]
[EventCountry "GRE"]
[SourceTitle "CBM 208 Extra"]
[Source "ChessBase"]
[SourceDate "2022.07.31"]
[SourceVersion "1"]
[SourceVersionDate "2022.07.31"]
[SourceQuality "1"]

1. e4 c5 2. Nf3 Nc6 3. d4 cxd4 4. Nxd4 g6 5. c4 Bg7 6. Be3 d6 7. Nc3 Bd7 8. Be2 Nf6 9. 0-0 0-0 10. Rc1 a6 11. f3 Rc8 12. Qd2 Nxd4 13. Bxd4 Bc6 14. Rfd1 Nd7 15. Bxg7 Kxg7 16. Kh1 Kg8 17. b3 Nc5 18. Qe3 Qc7 19. f4 Rcd8 20. Bf3 f5 21. exf5 Bxf3 22. Qxf3 Rxf5 23. Qe3 Rdf8 24. b4 Nd7 25. Nd5 Qd8 26. Nxe7+ Kg7 27. Nxf5+ Rxf5 28. Rxd6 Rf7 29. Rcd1 Qc8 30. c5 Kg8 31. Qe6 1-0